Statistieken voor Elementen met Eenletterige Symbolen

Klik hier om de quiz te nemen!

Algemene statistieken

  • Deze quiz is 429 keer genomen
  • De gemiddelde score is 10 van 14

Antwoordstatistieken

SymboolElement% Correct
OZuurstof
91%
HWaterstof
86%
CKoolstof
83%
PFosfor
81%
KKalium
81%
FFluor
80%
UUranium
79%
BBoor
75%
NStikstof
75%
SZwavel
70%
IJodium
69%
WWolfraam
53%
VVanadium
40%
YYttrium
40%

Scoreverdeling

Percentiel versus Aantal Correcte Antwoorden

Procent van Mensen met Elke Score

Uw Scoregeschiedenis

U heeft deze quiz nog niet genomen